[Event "DVM U16w 2023"]
[Site "Magdeburg GER"]
[Date "2023.12.27"]
[Round "2"]
[White "Dzutseva, Alana"]
[Black "Einacker, Lina"]
[Result "0-1"]
[Termination "normal"]
[Board "8.3"]
[WhiteElo "897"]
[BlackElo "1193"]
[WhiteClock "00:48:54"]
[BlackClock "00:37:47"]
[WhiteTeam "SC Bad Dürkheim-Wachenheim"]
[BlackTeam "Hamburger SK 1830 2"]
[PlyCount "52"]
[WhiteFideId "34674365"]
[BlackFideId "34630147"]
[EventCountry "GER"]
[EventRounds "7"]
[EventType "team-swiss"]
[EventDate "2023.12.26"]

1. e4 {[%clk 01:30:59]} e5 {[%clk 01:30:57]} {[%emt 00:00:03]} 2. Nf3 {[%clk
01:31:25]} {[%emt 00:00:04]} Nc6 {[%clk 01:31:21]} {[%emt 00:00:07]} 3. Nc3
{[%clk 01:31:47]} {[%emt 00:00:08]} Nf6 {[%clk 01:31:25]} {[%emt 00:00:26]} 4.
d4 {[%clk 01:32:01]} {[%emt 00:00:16]} exd4 {[%clk 01:31:03]} {[%emt 00:00:52]}
5. Nxd4 {[%clk 01:32:23]} {[%emt 00:00:08]} d6 {[%clk 01:30:52]} {[%emt
00:00:41]} 6. Bb5 {[%clk 01:32:00]} {[%emt 00:00:52]} Bd7 {[%clk 01:30:37]}
{[%emt 00:00:46]} 7. Nxc6 {[%clk 01:30:09]} {[%emt 00:02:20]} Bxc6 {[%clk
01:30:20]} {[%emt 00:00:48]} 8. Bxc6+ {[%clk 01:30:29]} {[%emt 00:00:10]} bxc6
{[%clk 01:30:39]} {[%emt 00:00:11]} 9. O-O {[%clk 01:30:35]} {[%emt 00:00:24]}
Be7 {[%clk 01:30:33]} {[%emt 00:00:37]} 10. Bf4 {[%clk 01:29:44]} {[%emt
00:01:21]} O-O {[%emt 00:02:23]} 11. Qf3 {[%emt 00:00:03]} Rb8 {[%clk
01:19:56]} {[%emt 00:10:40]} 12. Rfd1 {[%clk 01:27:51]} {[%emt 00:01:24]} Rxb2
{[%clk 01:18:35]} {[%emt 00:01:51]} 13. e5 {[%clk 01:27:36]} {[%emt 00:00:46]}
Ne8 {[%clk 01:11:14]} {[%emt 00:07:51]} 14. Qxc6 {[%clk 01:25:56]} {[%emt
00:02:09]} Rxc2 {[%clk 01:05:47]} {[%emt 00:05:57]} 15. Rac1 {[%clk 01:18:43]}
{[%emt 00:07:43]} Rxc1 {[%clk 01:05:19]} {[%emt 00:01:00]} 16. Bxc1 {[%clk
01:18:51]} {[%emt 00:00:21]} Qc8 {[%clk 01:04:13]} {[%emt 00:01:35]} 17. Nd5
{[%clk 01:18:05]} {[%emt 00:01:18]} Qe6 {[%clk 00:53:20]} {[%emt 00:11:22]} 18.
Re1 {[%clk 01:05:39]} {[%emt 00:12:56]} f6 {[%clk 00:45:23]} {[%emt 00:08:28]}
19. f4 {[%clk 01:01:11]} {[%emt 00:04:56]} fxe5 {[%emt 00:01:27]} 20. fxe5
{[%emt 00:00:57]} Qf7 {[%clk 00:41:48]} {[%emt 00:01:42]} 21. Nxe7+ {[%clk
00:57:27]} {[%emt 00:04:16]} Qxe7 {[%clk 00:41:37]} {[%emt 00:00:40]} 22. Qc4+
{[%clk 00:54:51]} {[%emt 00:03:05]} Kh8 {[%clk 00:41:18]} {[%emt 00:00:50]} 23.
e6 {[%clk 00:53:16]} {[%emt 00:02:05]} Qf6 {[%clk 00:37:32]} {[%emt 00:04:16]}
24. e7 {[%clk 00:49:00]} {[%emt 00:04:47]} Qf2+ {[%clk 00:37:27]} {[%emt
00:00:34]} 25. Kh1 {[%clk 00:49:16]} {[%emt 00:00:13]} Qxe1+ {[%clk 00:37:47]}
{[%emt 00:00:11]} 26. Qf1 {[%clk 00:48:54]} {[%emt 00:00:16]} Qxf1# {[%clk
00:37:47]} 0-1

[Event "DVM U16w 2023"]
[Site "Magdeburg GER"]
[Date "2023.12.27"]
[Round "2"]
[White "Blome, Antonia"]
[Black "Dzutseva, Dana"]
[Result "1-0"]
[Termination "normal"]
[Board "8.4"]
[WhiteElo "1209"]
[BlackElo "797"]
[WhiteClock "01:10:38"]
[BlackClock "01:10:19"]
[WhiteTeam "Hamburger SK 1830 2"]
[BlackTeam "SC Bad Dürkheim-Wachenheim"]
[PlyCount "127"]
[WhiteFideId "34630090"]
[BlackFideId "34674373"]
[EventCountry "GER"]
[EventRounds "7"]
[EventType "team-swiss"]
[EventDate "2023.12.26"]

1. d4 {[%clk 01:30:55]} {[%emt 00:00:06]} d5 {[%clk 01:30:52]} {[%emt
00:00:08]} 2. Bf4 {[%clk 01:31:20]} {[%emt 00:00:05]} Bf5 {[%clk 01:30:41]}
{[%emt 00:00:41]} 3. Nf3 {[%clk 01:31:28]} {[%emt 00:00:21]} Nc6 {[%clk
01:30:45]} {[%emt 00:00:26]} 4. e3 {[%clk 01:31:52]} {[%emt 00:00:06]} e6
{[%clk 01:30:39]} {[%emt 00:00:36]} 5. Nbd2 {[%clk 01:31:54]} {[%emt 00:00:28]}
Nb4 {[%clk 01:30:10]} {[%emt 00:01:00]} 6. Rc1 {[%clk 01:30:44]} {[%emt
00:01:39]} Bd6 {[%clk 01:30:01]} {[%emt 00:00:39]} 7. a3 {[%clk 01:28:59]}
{[%emt 00:02:15]} Nc6 {[%clk 01:29:43]} {[%emt 00:00:48]} 8. Bb5 {[%clk
01:28:21]} {[%emt 00:01:08]} Nf6 {[%clk 01:29:16]} {[%emt 00:00:58]} 9. Ne5
{[%clk 01:28:31]} {[%emt 00:00:19]} O-O {[%clk 01:27:21]} {[%emt 00:02:25]} 10.
O-O {[%clk 01:26:29]} {[%emt 00:02:32]} Bxe5 {[%clk 01:25:41]} {[%emt
00:02:10]} 11. dxe5 {[%clk 01:26:24]} {[%emt 00:00:35]} Ng4 {[%clk 01:25:22]}
{[%emt 00:00:49]} 12. Nf3 {[%clk 01:25:40]} {[%emt 00:01:13]} f6 {[%clk
01:24:57]} {[%emt 00:00:56]} 13. Bxc6 {[%clk 01:25:30]} {[%emt 00:00:40]} bxc6
{[%clk 01:24:51]} {[%emt 00:00:36]} 14. h3 {[%clk 01:25:35]} {[%emt 00:00:24]}
Nh6 {[%clk 01:22:13]} {[%emt 00:03:07]} 15. Bxh6 {[%clk 01:23:46]} {[%emt
00:02:19]} gxh6 {[%clk 01:22:17]} {[%emt 00:00:26]} 16. Nh4 {[%clk 01:22:32]}
{[%emt 00:01:36]} fxe5 {[%clk 01:21:20]} {[%emt 00:01:35]} 17. g4 {[%clk
01:20:14]} {[%emt 00:02:42]} Qxh4 {[%clk 01:20:36]} {[%emt 00:01:20]} 18. gxf5
{[%clk 01:20:12]} {[%emt 00:00:32]} Rxf5 {[%clk 01:19:58]} {[%emt 00:01:07]}
19. Qg4+ {[%clk 01:18:35]} {[%emt 00:02:08]} Qxg4+ {[%clk 01:19:45]} {[%emt
00:00:43]} 20. hxg4 {[%clk 01:19:00]} {[%emt 00:00:06]} Rg5 {[%clk 01:20:01]}
{[%emt 00:00:13]} 21. f3 {[%clk 01:18:25]} {[%emt 00:01:05]} h5 {[%clk
01:19:37]} {[%emt 00:00:54]} 22. Kh2 {[%clk 01:15:32]} {[%emt 00:03:23]} hxg4
{[%clk 01:19:44]} {[%emt 00:00:24]} 23. fxg4 {[%clk 01:15:20]} {[%emt
00:00:42]} Rxg4 {[%clk 01:20:02]} {[%emt 00:00:10]} 24. Rg1 {[%clk 01:15:47]}
{[%emt 00:00:04]} Rxg1 {[%clk 01:19:46]} {[%emt 00:00:46]} 25. Kxg1 {[%clk
01:16:01]} {[%emt 00:00:16]} Kf7 {[%clk 01:19:58]} {[%emt 00:00:18]} 26. c4
{[%clk 01:16:24]} {[%emt 00:00:06]} d4 {[%clk 01:19:36]} {[%emt 00:00:53]} 27.
e4 {[%clk 01:16:08]} {[%emt 00:00:46]} Rd8 {[%clk 01:19:10]} {[%emt 00:00:55]}
28. Rd1 {[%clk 01:16:19]} {[%emt 00:00:20]} Rg8+ {[%clk 01:18:55]} {[%emt
00:00:44]} 29. Kf2 {[%clk 01:16:42]} {[%emt 00:00:08]} h5 {[%clk 01:18:51]}
{[%emt 00:00:34]} 30. Rh1 {[%clk 01:16:55]} {[%emt 00:00:17]} Rh8 {[%clk
01:18:53]} {[%emt 00:00:27]} 31. b4 {[%clk 01:16:43]} {[%emt 00:00:44]} Kf6
{[%clk 01:19:06]} {[%emt 00:00:15]} 32. Kf3 {[%clk 01:16:57]} {[%emt 00:00:12]}
Kg5 {[%clk 01:19:06]} {[%emt 00:00:35]} 33. a4 {[%clk 01:16:57]} {[%emt
00:00:31]} h4 {[%clk 01:19:29]} {[%emt 00:00:05]} 34. Rg1+ {[%clk 01:16:36]}
{[%emt 00:00:52]} Kh5 {[%clk 01:19:14]} {[%emt 00:00:45]} 35. c5 {[%clk
01:15:38]} {[%emt 00:01:27]} h3 {[%clk 01:19:26]} {[%emt 00:00:18]} 36. Rh1
{[%clk 01:15:39]} {[%emt 00:00:29]} Kh4 {[%clk 01:19:10]} {[%emt 00:00:46]} 37.
b5 {[%clk 01:15:15]} {[%emt 00:00:55]} cxb5 {[%clk 01:19:22]} {[%emt 00:00:17]}
38. axb5 {[%clk 01:15:39]} {[%emt 00:00:07]} Rf8+ {[%clk 01:19:04]} {[%emt
00:00:47]} 39. Ke2 {[%clk 01:15:53]} {[%emt 00:00:15]} Kg3 {[%clk 01:19:14]}
{[%emt 00:00:20]} 40. Rg1+ {[%clk 01:14:28]} {[%emt 00:01:54]} Kh2 {[%clk
01:17:35]} {[%emt 00:02:09]} 41. Rg7 {[%clk 01:14:38]} {[%emt 00:00:20]} Rd8
{[%clk 01:16:41]} {[%emt 00:01:25]} 42. Rxc7 {[%clk 01:10:55]} {[%emt
00:04:15]} d3+ {[%clk 01:16:57]} {[%emt 00:00:13]} 43. Kd2 {[%clk 01:11:04]}
{[%emt 00:00:21]} Kg3 {[%clk 01:16:51]} {[%emt 00:00:35]} 44. Rg7+ {[%clk
01:11:30]} {[%emt 00:00:05]} Kh4 {[%clk 01:17:12]} {[%emt 00:00:09]} 45. Rh7+
{[%clk 01:11:54]} {[%emt 00:00:04]} Kg4 {[%clk 01:12:47]} {[%emt 00:04:56]} 46.
c6 {[%clk 01:11:25]} {[%emt 00:01:00]} Kf4 {[%clk 01:11:21]} {[%emt 00:01:56]}
47. Rxa7 {[%clk 01:10:06]} {[%emt 00:01:50]} Rh8 {[%clk 01:11:14]} {[%emt
00:00:35]} 48. c7 {[%clk 01:08:59]} {[%emt 00:01:36]} h2 {[%clk 01:11:30]}
{[%emt 00:00:16]} 49. Ra1 {[%clk 01:09:22]} {[%emt 00:00:07]} Kg3 {[%clk
01:10:52]} {[%emt 00:01:07]} 50. b6 {[%clk 01:08:18]} {[%emt 00:01:35]} Kg2
{[%clk 01:10:53]} {[%emt 00:00:29]} 51. b7 {[%clk 01:08:41]} {[%emt 00:00:07]}
h1=Q {[%emt 00:02:29]} 52. Rxh1 {[%emt 00:00:04]} Kxh1 {[%emt 00:00:06]} 53.
c8=Q {[%emt 00:00:09]} Rxc8 {[%clk 01:08:13]} {[%emt 00:00:22]} 54. bxc8=Q
{[%emt 00:00:06]} Kg2 {[%emt 00:00:13]} 55. Kxd3 {[%clk 01:08:45]} {[%emt
00:00:08]} Kf3 {[%clk 01:08:31]} {[%emt 00:00:13]} 56. Qxe6 {[%clk 01:09:06]}
{[%emt 00:00:08]} Kf4 {[%clk 01:08:38]} {[%emt 00:00:22]} 57. Qf5+ {[%clk
01:09:24]} {[%emt 00:00:12]} Kg3 {[%clk 01:08:56]} {[%emt 00:00:13]} 58. Qxe5
{[%clk 01:09:33]} {[%emt 00:00:21]} Kf3 {[%clk 01:09:03]} {[%emt 00:00:23]} 59.
Qf5 {[%clk 01:09:54]} {[%emt 00:00:10]} Kg3 {[%clk 01:09:18]} {[%emt 00:00:16]}
60. Ke3 {[%clk 01:10:12]} {[%emt 00:00:10]} Kg2 {[%clk 01:09:36]} {[%emt
00:00:13]} 61. Qf3+ {[%clk 01:10:03]} {[%emt 00:00:37]} Kh2 {[%clk 01:09:51]}
{[%emt 00:00:16]} 62. Qg4 {[%clk 01:10:19]} {[%emt 00:00:14]} Kh1 {[%clk
01:10:10]} {[%emt 00:00:11]} 63. Kf2 {[%clk 01:10:44]} {[%emt 00:00:05]} Kh2
{[%clk 01:10:19]} {[%emt 00:00:20]} 64. Qg2 {[%clk 01:10:38]} {[%emt 00:00:05]}
1-0

[Event "DVM U16w 2023"]
[Site "Magdeburg GER"]
[Date "2023.12.27"]
[Round "2"]
[White "Göb, Franziska"]
[Black "Anaparthi, Aditi"]
[Result "1-0"]
[Termination "normal"]
[Board "9.1"]
[WhiteElo "1316"]
[BlackElo "1163"]
[WhiteClock "00:19:45"]
[BlackClock "00:38:50"]
[WhiteTeam "SG Porz 2"]
[BlackTeam "SC Garching 1980 2"]
[PlyCount "71"]
[WhiteFideId "16293177"]
[BlackFideId "34620389"]
[EventCountry "GER"]
[EventRounds "7"]
[EventType "team-swiss"]
[EventDate "2023.12.26"]

1. e4 {[%clk 01:30:59]} e5 {[%clk 01:30:54]} {[%emt 00:00:07]} 2. Nf3 {[%clk
01:31:25]} {[%emt 00:00:04]} Nc6 {[%clk 01:31:17]} {[%emt 00:00:06]} 3. Bc4
{[%clk 01:31:51]} {[%emt 00:00:05]} Nf6 {[%clk 01:31:10]} {[%emt 00:00:37]} 4.
Ng5 {[%clk 01:32:14]} {[%emt 00:00:06]} d5 {[%clk 01:31:23]} {[%emt 00:00:16]}
5. exd5 {[%clk 01:32:37]} {[%emt 00:00:08]} Nxd5 {[%clk 01:31:19]} {[%emt
00:00:34]} 6. Nxf7 {[%clk 01:32:52]} {[%emt 00:00:15]} Kxf7 {[%clk 01:31:36]}
{[%emt 00:00:12]} 7. Qf3+ {[%clk 01:33:16]} {[%emt 00:00:05]} Qf6 {[%clk
01:31:13]} {[%emt 00:00:53]} 8. Bxd5+ {[%clk 01:30:42]} {[%emt 00:03:04]} Ke8
{[%clk 01:31:17]} {[%emt 00:00:27]} 9. Bxc6+ {[%clk 01:21:23]} {[%emt
00:09:48]} bxc6 {[%clk 01:31:08]} {[%emt 00:00:39]} 10. Qe3 {[%clk 01:17:50]}
{[%emt 00:04:03]} Bd6 {[%clk 01:30:42]} {[%emt 00:00:56]} 11. O-O {[%clk
01:13:11]} {[%emt 00:05:10]} Bb7 {[%clk 01:30:32]} {[%emt 00:00:40]} 12. Nc3
{[%clk 01:10:14]} {[%emt 00:03:26]} Qg6 {[%clk 01:29:59]} {[%emt 00:01:02]} 13.
d3 {[%clk 01:08:11]} {[%emt 00:02:34]} c5 {[%clk 01:29:11]} {[%emt 00:01:19]}
14. Ne4 {[%clk 01:07:46]} {[%emt 00:00:54]} h5 {[%clk 01:27:43]} {[%emt
00:01:57]} 15. Re1 {[%clk 01:04:05]} {[%emt 00:04:11]} Rf8 {[%clk 01:25:47]}
{[%emt 00:02:26]} 16. Qg5 {[%clk 01:01:48]} {[%emt 00:02:45]} Qh7 {[%clk
01:24:38]} {[%emt 00:01:40]} 17. Nxc5 {[%clk 00:52:00]} {[%emt 00:10:20]} Rf5
{[%clk 01:22:24]} {[%emt 00:02:44]} 18. Qe3 {[%clk 00:51:25]} {[%emt 00:01:04]}
Bc6 {[%clk 01:20:12]} {[%emt 00:02:43]} 19. Ne4 {[%clk 00:48:53]} {[%emt
00:03:01]} Qg6 {[%clk 01:18:18]} {[%emt 00:02:23]} 20. Qg3 {[%clk 00:43:12]}
{[%emt 00:06:10]} Qf7 {[%clk 01:16:20]} {[%emt 00:02:29]} 21. Bd2 {[%clk
00:39:04]} {[%emt 00:04:39]} Be7 {[%clk 01:08:27]} {[%emt 00:08:24]} 22. h3
{[%clk 00:35:44]} {[%emt 00:03:49]} h4 {[%clk 01:06:40]} {[%emt 00:02:16]} 23.
Qe3 {[%clk 00:35:50]} {[%emt 00:00:22]} Qf8 {[%clk 01:05:06]} {[%emt 00:02:06]}
24. Bc3 {[%clk 00:32:23]} {[%emt 00:03:58]} Rd8 {[%clk 01:04:55]} {[%emt
00:00:41]} 25. Rf1 {[%clk 00:25:30]} {[%emt 00:07:22]} Bxe4 {[%clk 00:57:57]}
{[%emt 00:07:29]} 26. Qxe4 {[%clk 00:25:20]} {[%emt 00:00:40]} Rd7 {[%clk
00:55:37]} {[%emt 00:02:50]} 27. Bxe5 {[%clk 00:22:31]} {[%emt 00:03:19]} g6
{[%clk 00:52:44]} {[%emt 00:03:22]} 28. Bc3 {[%clk 00:21:37]} {[%emt 00:01:24]}
Qf7 {[%clk 00:46:19]} {[%emt 00:06:54]} 29. Qa8+ {[%clk 00:20:33]} {[%emt
00:01:34]} Rd8 {[%clk 00:46:29]} {[%emt 00:00:21]} 30. Qxa7 {[%clk 00:20:42]}
{[%emt 00:00:19]} Bc5 {[%clk 00:46:47]} {[%emt 00:00:13]} 31. Qa4+ {[%clk
00:20:32]} {[%emt 00:00:39]} Rd7 {[%clk 00:43:33]} {[%emt 00:03:46]} 32. Qxh4
{[%clk 00:20:11]} {[%emt 00:00:49]} Rf4 {[%clk 00:42:00]} {[%emt 00:02:05]} 33.
Qh8+ {[%clk 00:19:55]} {[%emt 00:00:45]} Ke7 {[%clk 00:42:05]} {[%emt
00:00:27]} 34. Qe5+ {[%clk 00:20:01]} {[%emt 00:00:21]} Kd8 {[%clk 00:41:59]}
{[%emt 00:00:38]} 35. Qxc5 {[%clk 00:20:08]} {[%emt 00:00:23]} Rd5 {[%clk
00:38:50]} {[%emt 00:03:39]} 36. Qe3 {[%clk 00:19:45]} {[%emt 00:00:50]} 1-0

[Event "DVM U16w 2023"]
[Site "Magdeburg GER"]
[Date "2023.12.27"]
[Round "2"]
[White "Chennupati, Lasya"]
[Black "Vogt, Luna"]
[Result "1-0"]
[Termination "normal"]
[Board "9.2"]
[WhiteElo "1090"]
[BlackElo "1347"]
[WhiteClock "00:37:15"]
[BlackClock "00:13:47"]
[WhiteTeam "SC Garching 1980 2"]
[BlackTeam "SG Porz 2"]
[PlyCount "109"]
[WhiteFideId "34646728"]
[BlackFideId "34607153"]
[EventCountry "GER"]
[EventRounds "7"]
[EventType "team-swiss"]
[EventDate "2023.12.26"]

1. e4 {[%clk 01:30:58]} {[%emt 00:00:01]} e5 {[%clk 01:30:52]} {[%emt
00:00:09]} 2. Nf3 {[%clk 01:31:21]} {[%emt 00:00:07]} Nc6 {[%clk 01:31:18]}
{[%emt 00:00:05]} 3. Bb5 {[%clk 01:31:45]} {[%emt 00:00:07]} a6 {[%clk
01:31:40]} {[%emt 00:00:08]} 4. Ba4 {[%clk 01:32:09]} {[%emt 00:00:06]} Nf6
{[%clk 01:32:01]} {[%emt 00:00:08]} 5. O-O {[%clk 01:32:31]} {[%emt 00:00:08]}
b5 {[%clk 01:31:51]} {[%emt 00:00:41]} 6. Bb3 {[%clk 01:32:54]} {[%emt
00:00:06]} Be7 {[%clk 01:32:00]} {[%emt 00:00:22]} 7. Re1 {[%clk 01:33:10]}
{[%emt 00:00:14]} d6 {[%clk 01:32:18]} {[%emt 00:00:12]} 8. c3 {[%clk
01:32:58]} {[%emt 00:00:42]} O-O {[%clk 01:32:38]} {[%emt 00:00:09]} 9. h3
{[%clk 01:32:33]} {[%emt 00:00:56]} Nb8 {[%clk 01:32:30]} {[%emt 00:00:37]} 10.
d4 {[%clk 01:31:52]} {[%emt 00:01:11]} c5 {[%clk 01:32:21]} {[%emt 00:00:39]}
11. a4 {[%clk 01:30:19]} {[%emt 00:02:04]} Bb7 {[%clk 01:31:22]} {[%emt
00:01:28]} 12. d5 {[%clk 01:29:14]} {[%emt 00:01:35]} Nbd7 {[%clk 01:31:02]}
{[%emt 00:00:50]} 13. c4 {[%clk 01:23:27]} {[%emt 00:06:19]} bxc4 {[%clk
01:30:43]} {[%emt 00:00:49]} 14. Bxc4 {[%clk 01:22:51]} {[%emt 00:01:02]} Nb6
{[%clk 01:29:50]} {[%emt 00:01:26]} 15. Ba2 {[%clk 01:22:05]} {[%emt 00:01:16]}
Ne8 {[%clk 01:29:41]} {[%emt 00:00:38]} 16. Nfd2 {[%clk 01:20:46]} {[%emt
00:01:50]} Qd7 {[%clk 01:28:57]} {[%emt 00:01:14]} 17. a5 {[%clk 01:20:26]}
{[%emt 00:00:50]} Nc8 {[%clk 01:29:11]} {[%emt 00:00:16]} 18. Nc4 {[%clk
01:20:40]} {[%emt 00:00:17]} Nc7 {[%clk 01:29:01]} {[%emt 00:00:40]} 19. Nc3
{[%clk 01:19:15]} {[%emt 00:01:55]} Nb5 {[%clk 01:28:07]} {[%emt 00:01:24]} 20.
Na4 {[%clk 01:19:03]} {[%emt 00:00:39]} Bd8 {[%clk 01:27:26]} {[%emt 00:01:12]}
21. Bd2 {[%clk 01:16:12]} {[%emt 00:03:20]} Rb8 {[%clk 01:25:25]} {[%emt
00:02:33]} 22. b4 {[%clk 01:15:42]} {[%emt 00:01:00]} cxb4 {[%clk 01:23:50]}
{[%emt 00:02:05]} 23. Bxb4 {[%clk 01:14:19]} {[%emt 00:01:52]} Re8 {[%clk
01:20:00]} {[%emt 00:04:21]} 24. Rc1 {[%clk 01:08:51]} {[%emt 00:05:57]} Ba8
{[%clk 01:13:53]} {[%emt 00:06:38]} 25. Re2 {[%clk 00:56:30]} {[%emt 00:12:49]}
Bg5 {[%clk 01:09:46]} {[%emt 00:04:40]} 26. Rb1 {[%clk 00:51:08]} {[%emt
00:05:51]} Nca7 {[%clk 01:03:01]} {[%emt 00:07:16]} 27. Nab6 {[%clk 00:49:41]}
{[%emt 00:01:56]} Qd8 {[%clk 01:01:21]} {[%emt 00:02:08]} 28. Reb2 {[%clk
00:46:57]} {[%emt 00:03:15]} Nc8 {[%clk 00:56:27]} {[%emt 00:05:24]} 29. Bb3
{[%clk 00:44:01]} {[%emt 00:03:27]} Nxb6 {[%clk 00:50:27]} {[%emt 00:06:30]}
30. Nxb6 {[%clk 00:44:00]} {[%emt 00:00:20]} Nd4 {[%clk 00:48:49]} {[%emt
00:02:20]} 31. Ba4 {[%clk 00:44:04]} {[%emt 00:00:25]} Rf8 {[%clk 00:37:09]}
{[%emt 00:12:09]} 32. Nd7 {[%clk 00:43:51]} {[%emt 00:00:44]} Rc8 {[%clk
00:34:49]} {[%emt 00:02:50]} 33. Nxf8 {[%clk 00:43:41]} {[%emt 00:00:38]} Qxf8
{[%clk 00:33:59]} {[%emt 00:01:21]} 34. Qd3 {[%clk 00:42:15]} {[%emt 00:01:57]}
f5 {[%clk 00:30:36]} {[%emt 00:03:54]} 35. f3 {[%clk 00:42:01]} {[%emt
00:00:42]} Bc1 {[%clk 00:25:59]} {[%emt 00:05:08]} 36. Ra2 {[%clk 00:39:43]}
{[%emt 00:02:47]} f4 {[%clk 00:22:30]} {[%emt 00:04:00]} 37. Bc3 {[%clk
00:39:30]} {[%emt 00:00:42]} Be3+ {[%clk 00:22:38]} {[%emt 00:00:22]} 38. Kh2
{[%clk 00:38:47]} {[%emt 00:01:14]} Qe7 {[%clk 00:21:31]} {[%emt 00:01:38]} 39.
Bxd4 {[%clk 00:38:45]} {[%emt 00:00:28]} exd4 {[%clk 00:20:59]} {[%emt
00:01:04]} 40. Rab2 {[%clk 00:36:34]} {[%emt 00:02:41]} Qa7 {[%clk 00:20:40]}
{[%emt 00:00:50]} 41. Rb6 {[%clk 00:36:30]} {[%emt 00:00:32]} Qc7 {[%clk
00:17:01]} {[%emt 00:04:11]} 42. Qxa6 {[%clk 00:35:18]} {[%emt 00:01:41]} h6
{[%clk 00:15:20]} {[%emt 00:01:52]} 43. Qxc8+ {[%clk 00:34:56]} {[%emt
00:00:51]} Qxc8 {[%clk 00:15:32]} {[%emt 00:00:21]} 44. Rb8 {[%clk 00:35:19]}
{[%emt 00:00:04]} Qxb8 {[%clk 00:15:51]} {[%emt 00:00:14]} 45. Rxb8+ {[%clk
00:35:41]} {[%emt 00:00:06]} Kf7 {[%clk 00:16:15]} {[%emt 00:00:06]} 46. Rxa8
{[%clk 00:35:56]} {[%emt 00:00:16]} d3 {[%clk 00:15:39]} {[%emt 00:01:05]} 47.
a6 {[%clk 00:36:21]} {[%emt 00:00:05]} Kf6 {[%clk 00:14:21]} {[%emt 00:01:48]}
48. Rb8 {[%clk 00:36:15]} {[%emt 00:00:35]} Ke5 {[%clk 00:14:26]} {[%emt
00:00:27]} 49. Rb7 {[%clk 00:36:37]} {[%emt 00:00:09]} g5 {[%clk 00:12:26]}
{[%emt 00:02:29]} 50. a7 {[%clk 00:37:03]} {[%emt 00:00:04]} Bxa7 {[%clk
00:12:50]} {[%emt 00:00:07]} 51. Rxa7 {[%clk 00:37:25]} {[%emt 00:00:06]} d2
{[%clk 00:13:07]} {[%emt 00:00:13]} 52. Rh7 {[%clk 00:37:33]} {[%emt 00:00:21]}
Kd4 {[%clk 00:13:24]} {[%emt 00:00:15]} 53. Rxh6 {[%clk 00:37:40]} {[%emt
00:00:19]} Kc4 {[%clk 00:13:33]} {[%emt 00:00:25]} 54. Rxd6 {[%clk 00:36:49]}
{[%emt 00:01:20]} Kb4 {[%clk 00:13:47]} {[%emt 00:00:17]} 55. Bd1 {[%clk
00:37:15]} {[%emt 00:00:02]} 1-0

[Event "DVM U16w 2023"]
[Site "Magdeburg GER"]
[Date "2023.12.27"]
[Round "2"]
[White "Piffczyk, Claudia"]
[Black "Brandt, Hilda"]
[Result "1-0"]
[Termination "normal"]
[Board "9.4"]
[WhiteElo "911"]
[BlackElo "836"]
[WhiteTeam "SC Garching 1980 2"]
[BlackTeam "SG Porz 2"]
[PlyCount "51"]
[WhiteFideId "34639829"]
[BlackFideId "34636447"]
[EventCountry "GER"]
[EventRounds "7"]
[EventType "team-swiss"]
[EventDate "2023.12.26"]

1. e4 c5 2. Nf3 d6 3. Nc3 Nf6 4. d4 cxd4 5. Nxd4 Qa5 6. Bd2 Qe5 7. Nf3 Nxe4 8.
Nxe5 dxe5 9. Nxe4 Bf5 10. Bd3 Bxe4 11. Bxe4 g6 12. Bxb7 Bg7 13. Bxa8 O-O 14.
Bb4 Na6 15. Qd2 Rxa8 16. Rd1 Nxb4 17. Qxb4 e6 18. O-O a5 19. Qe7 a4 20. Rd8+
Rxd8 21. Qxd8+ Bf8 22. c4 e4 23. c5 h5 24. c6 Kg7 25. c7 f6 26. c8=Q 1-0